Smrečina, a.s. Banská Bystrica Vývoj obchodovania s akciami spoločnosti

Analýza spoločnosti Smrečina, a.s. Banská Bystrica. Predmet činnosti. Obchodná situácia. Finančná situácia. Vývoj kurzu akcií. Celový objem obchodov s akciami spoločnosti.

Salvato in:
Dettagli Bibliografici
Natura: Capitolo di libro
Lingua:slovacco
Soggetti:
Tags: Aggiungi Tag
Nessun Tag, puoi essere il primo ad aggiungerne!!

MARC

LEADER 00000naa a2200000 4500
001 r025869
005 20230426110359.2
041 0 |a slo 
044 |a SK 
245 1 0 |a Smrečina, a.s. Banská Bystrica  |b Vývoj obchodovania s akciami spoločnosti 
520 |a Analýza spoločnosti Smrečina, a.s. Banská Bystrica. Predmet činnosti. Obchodná situácia. Finančná situácia. Vývoj kurzu akcií. Celový objem obchodov s akciami spoločnosti. 
610 2 0 |a analýza finančná 
610 2 0 |a podnik 
610 2 0 |a Smrečina, a.s. Banská Bystrica 
610 2 0 |a priemysel drevársky 
610 2 0 |a akcie 
610 2 0 |a 1993-1996 
610 2 0 |a financie podnikové 
610 2 0 |a Slovensko